[Event "54th Groningen Open 2016"]
[Site "Groningen NED"]
[Date "2016.12.27"]
[Round "6.14"]
[White "Maris, Ivo"]
[Black "Schippers, Maurice"]
[Result "0-1"]
[WhiteTitle "FM"]
[WhiteElo "2345"]
[BlackElo "2288"]
[WhiteFideId "1028146"]
[BlackFideId "1004735"]
[EventDate "2016.12.21"]

1. d4 Nf6 2. Bf4 g6 3. e3 Bg7 4. Nf3 d6 5. Be2 O-O 6. c3 a6 7. O-O Nbd7 8. h3 c5
9. Nbd2 b6 10. Bh2 Bb7 11. a4 Ne4 12. Qb3 Nxd2 13. Nxd2 Ra7 14. d5 Qa8 15. e4 f5
16. c4 f4 17. Nf3 Bc8 18. Rab1 Rb7 19. g3 Nf6 20. e5 dxe5 21. Nxe5 Ne4 22. Qc2
Nxf2 23. Rxf2 Bxe5 24. Kg2 Bf5 25. Bd3 f3+ 26. Kh1 Bxh3 27. Be4 Bg2+ 28. Rxg2
fxg2+ 29. Bxg2 Qb8 30. Bh3 Rf6 31. Re1 Bxg3 32. d6 Bxe1 33. d7 Qf8 34. Qd3 Rxd7
35. Qxd7 Rf1+ 36. Bg1 Qf3+ 37. Bg2 Qh5+ 38. Bh3 Qf3+ 39. Bg2 Qh5+ 40. Bh3 Rf7
41. Bh2 Qe2 42. Bg2 e6 43. Qc6 Bf2 44. Bd6 Qh5+ 0-1

[Event "54th Groningen Open 2016"]
[Site "Groningen NED"]
[Date "2016.12.27"]
[Round "6.15"]
[White "Krasenkow, Michal"]
[Black "Van Meegen, Ruud"]
[Result "1-0"]
[WhiteTitle "GM"]
[WhiteElo "2626"]
[BlackElo "2183"]
[WhiteFideId "1113100"]
[BlackFideId "1034995"]
[EventDate "2016.12.21"]

1. Nf3 Nf6 2. c4 g6 3. Nc3 c5 4. d4 cxd4 5. Nxd4 Bg7 6. e4 d6 7. Be2 Nc6 8. Be3
O-O 9. O-O Bd7 10. f4 a6 11. Bf3 Nxd4 12. Bxd4 Bc6 13. b4 b5 14. cxb5 axb5 15.
e5 Bxf3 16. Qxf3 dxe5 17. Bxe5 Nd7 18. Bxg7 Kxg7 19. Qe2 Qb6+ 20. Kh1 Qd4 21.
Nxb5 Qxb4 22. a3 Qc5 23. Rfc1 Qf5 24. Nc7 Ra7 25. Qxe7 Rc8 26. Ne8+ Rxe8 27.
Qxe8 Nf6 28. Qe5 1-0

[Event "54th Groningen Open 2016"]
[Site "Groningen NED"]
[Date "2016.12.27"]
[Round "6.16"]
[White "Chu, Wei Chao"]
[Black "Van Delft, Merijn"]
[Result "1/2-1/2"]
[WhiteTitle "IM"]
[BlackTitle "IM"]
[WhiteElo "2281"]
[BlackElo "2376"]
[WhiteFideId "8605661"]
[BlackFideId "1004670"]
[EventDate "2016.12.21"]

1. d4 d5 2. c4 c6 3. Nf3 Nf6 4. Nc3 e6 5. g3 dxc4 6. Bg2 b5 7. O-O Bb7 8. Ne5 a6
9. b3 cxb3 10. axb3 Be7 11. Bb2 O-O 12. Qc2 Nbd7 13. Rfc1 Rc8 14. Nd3 Nd5 15.
Ne4 Nb4 16. Nxb4 Bxb4 17. h4 h6 18. Ra2 Qe7 19. Nc5 Nxc5 20. dxc5 Rfd8 21. Be5
Rd2 22. Qb1 Rxa2 23. Bd6 Qf6 24. Qxa2 a5 25. Qc2 Ra8 26. e4 e5 27. Qb2 Re8 28.
Bh3 Bc8 29. Bxc8 Rxc8 30. Bxe5 Qg6 31. Qd4 Re8 32. f3 f5 33. exf5 Qxf5 34. f4
Kh7 35. Kg2 h5 36. Kf3 Qg4+ 37. Kf2 Qf5 38. Kf3 Qg4+ 39. Kf2 Qf5 1/2-1/2

[Event "54th Groningen Open 2016"]
[Site "Groningen NED"]
[Date "2016.12.27"]
[Round "6.17"]
[White "Aradhya, Garg"]
[Black "Hopman, Pieter"]
[Result "1-0"]
[BlackTitle "FM"]
[WhiteElo "2231"]
[BlackElo "2345"]
[WhiteFideId "25006746"]
[BlackFideId "1005669"]
[EventDate "2016.12.21"]

1. d4 d6 2. Nf3 g6 3. c4 Bg7 4. Nc3 Nf6 5. g3 O-O 6. Bg2 Na6 7. O-O c5 8. b3 d5
9. cxd5 Nxd5 10. Nxd5 Qxd5 11. Bb2 Qh5 12. Ne5 cxd4 13. Qxd4 Qxe2 14. Rfe1 Qh5
15. Rac1 Bf6 16. g4 Bxg4 17. Bxb7 Bh3 18. Bxa8 Rxa8 19. Rc3 Rf8 20. Rg3 Bc8 21.
Qd2 Nc5 22. Nc6 Be6 23. Bxf6 exf6 24. Qd1 Qh4 25. Qd4 Qh5 26. Qxf6 Re8 27. Rg5
Qh3 28. Re3 Nd7 29. Ne7+ Kf8 30. Qf4 Rxe7 31. Rxh3 Bxh3 32. Qd2 Nf6 33. Rxg6 1-0

[Event "54th Groningen Open 2016"]
[Site "Groningen NED"]
[Date "2016.12.27"]
[Round "6.18"]
[White "Vrolijk, Liam"]
[Black "Simonsen, Hans Kristian"]
[Result "1-0"]
[WhiteTitle "FM"]
[BlackTitle "FM"]
[WhiteElo "2332"]
[BlackElo "2172"]
[WhiteFideId "1048333"]
[BlackFideId "7200439"]
[EventDate "2016.12.21"]

1. e4 c5 2. Nf3 d6 3. Bb5+ Bd7 4. Bxd7+ Qxd7 5. O-O Nc6 6. d4 cxd4 7. Nxd4 Nf6
8. Re1 g6 9. c4 Nxd4 10. Qxd4 Bg7 11. Nc3 O-O 12. Qd3 Rac8 13. Bd2 Ng4 14. b3
Ne5 15. Qe2 f5 16. exf5 Qxf5 17. Nd5 Rf7 18. Rad1 Rcf8 19. f3 e6 20. Ne3 Qh5 21.
Nf1 g5 22. Ng3 Qh4 23. Bb4 g4 24. f4 Rf6 25. Bxd6 Rh6 26. Bxe5 Qxh2+ 27. Kf2
Bxe5 28. Qxe5 Rhf6 29. Rd4 Qh6 30. Kg1 Qh4 31. Qg5+ 1-0

[Event "54th Groningen Open 2016"]
[Site "Groningen NED"]
[Date "2016.12.27"]
[Round "6.19"]
[White "Krasenkova, Ilena"]
[Black "De Jong, Migchiel"]
[Result "1/2-1/2"]
[WhiteTitle "WIM"]
[BlackTitle "IM"]
[WhiteElo "2045"]
[BlackElo "2331"]
[WhiteFideId "4119037"]
[BlackFideId "1002848"]
[EventDate "2016.12.21"]

1. d4 e6 2. g3 c5 3. Nf3 b5 4. Bg2 Bb7 5. O-O Nf6 6. Nbd2 d5 7. dxc5 Bxc5 8. Nb3
Be7 9. c3 O-O 10. Nbd4 a6 11. a4 bxa4 12. Qxa4 Nbd7 13. Bf4 Qc8 14. Rfc1 Nc5 15.
Qc2 a5 16. b4 Nce4 17. bxa5 Ng4 18. h3 Ngxf2 19. Be3 e5 20. Bxf2 exd4 21. cxd4
Qe6 22. Be1 Bd6 23. Rab1 Ba6 24. Rb6 Rac8 25. Qd1 Bxe2 26. Qxe2 Rxc1 27. Kh2
Rfc8 28. Ne5 f6 29. Nd3 R1c2 30. Qe3 Qd7 31. Kg1 Re8 32. Qf3 Qc7 33. Qf5 Bxg3
34. Qxd5+ Kh8 35. Re6 Qc8 36. Rxe4 Bxe1 37. Nxe1 Rc1 38. Kf2 Rd8 39. Qe6 Qb8 40.
Qb6 Qc8 41. Bf3 Rf8 42. Re6 Qc3 43. Qd6 Rg8 44. a6 Ra1 45. Re2 h6 46. Qc5 Qxc5
47. dxc5 Rxa6 48. Rc2 Ra7 49. Nd3 Rc8 50. Nb4 Kg8 51. Bg4 f5 52. Bf3 Kf7 53. c6
g5 54. Be2 Ke6 55. Bd3 Ra4 56. Na6 Kd6 57. c7 Rxa6 58. Bxa6 Rxc7 59. Rxc7 Kxc7
60. Bd3 Kd6 61. Bxf5 Ke5 62. Bd7 h5 63. Kg3 Kf6 64. Be8 g4 65. h4 Kg7 66. Bxh5
Kh6 67. Be8 Kg7 68. Bc6 Kh8 69. Kf4 g3 70. Bg2 Kg7 71. Kg5 Kh8 72. Kh6 Kg8 73.
h5 Kh8 74. Kg6 Kg8 75. h6 Kh8 76. h7 1/2-1/2

[Event "54th Groningen Open 2016"]
[Site "Groningen NED"]
[Date "2016.12.27"]
[Round "6.20"]
[White "Gerlagh, Joris"]
[Black "Swayams, Mishra"]
[Result "1-0"]
[BlackTitle "IM"]
[WhiteElo "2269"]
[BlackElo "2473"]
[WhiteFideId "1038834"]
[BlackFideId "5028183"]
[EventDate "2016.12.21"]

1. d4 Nf6 2. Nf3 e6 3. g3 d5 4. Bg2 Bd6 5. c4 c6 6. Nc3 dxc4 7. Nd2 O-O 8. Nxc4
Be7 9. O-O Nbd7 10. e4 b5 11. Ne3 b4 12. Ne2 Ba6 13. e5 Nd5 14. Nxd5 cxd5 15. f4
f5 16. exf6 Nxf6 17. f5 exf5 18. Rxf5 Qd7 19. Bh3 Qb5 20. Re5 Bd6 21. Nf4 Bxe5
22. dxe5 Qb6+ 23. Kg2 Ne8 24. Be6+ Kh8 25. Qg4 g5 26. Qxg5 Bf1+ 27. Kh1 Bd3 28.
Bxd5 Rd8 29. Be3 Qxe3 30. Qxd8 Be4+ 31. Bxe4 Qxe4+ 32. Kg1 Qe3+ 33. Kg2 Qe4+ 34.
Kf2 Qxe5 35. Re1 Qxb2+ 36. Kg1 Qf6 37. Qxe8 1-0

[Event "54th Groningen Open 2016"]
[Site "Groningen NED"]
[Date "2016.12.27"]
[Round "6.21"]
[White "Nandhidhaa, PV"]
[Black "Rakotomaharo, Fy Antenaina"]
[Result "0-1"]
[WhiteTitle "WIM"]
[BlackTitle "FM"]
[WhiteElo "2251"]
[BlackElo "2446"]
[WhiteFideId "5050847"]
[BlackFideId "13100050"]
[EventDate "2016.12.21"]

1. b3 g6 2. Bb2 Nf6 3. c4 Bg7 4. g3 O-O 5. Bg2 d6 6. d4 Nbd7 7. Nf3 e5 8. Nc3
Re8 9. dxe5 dxe5 10. O-O e4 11. Nd4 c6 12. Nc2 Qe7 13. Ne3 h5 14. Qd2 Nc5 15.
Rad1 h4 16. b4 Ncd7 17. b5 Qc5 18. Na4 Qh5 19. bxc6 bxc6 20. Qd6 h3 21. Bh1 Qxe2
22. g4 Re6 23. Qg3 Nh5 24. gxh5 Qxh5 25. Bxg7 Kxg7 26. Rfe1 Nf6 27. Nc3 Qa5 28.
Ne2 Re5 29. Kf1 Rg5 30. Qf4 Ng4 31. Bxe4 Be6 32. Bd5 cxd5 33. Nxg4 Rxg4 34. Qe5+
Kg8 35. cxd5 Rd8 36. Qc3 Rxd5 37. Qxa5 Rxa5 38. Nd4 Bc4+ 39. Ne2 Rxa2 40. Rc1
Re4 0-1

[Event "54th Groningen Open 2016"]
[Site "Groningen NED"]
[Date "2016.12.27"]
[Round "6.23"]
[White "Bao, Qilin"]
[Black "Lewin, Tammo"]
[Result "1-0"]
[WhiteElo "2331"]
[BlackElo "2041"]
[WhiteFideId "8605750"]
[BlackFideId "4668596"]
[EventDate "2016.12.21"]

1. e4 Nc6 2. Nf3 Nf6 3. e5 Nd5 4. d4 d6 5. exd6 exd6 6. Bd3 Bg4 7. O-O Be7 8. c3
O-O 9. h3 Bxf3 10. Qxf3 Nb6 11. Nd2 Re8 12. Ne4 d5 13. Ng3 g6 14. Nf5 Bf6 15.
Nh6+ Kg7 16. Bf4 Nc4 17. b3 Nd6 18. Qxd5 Ne7 19. Qf3 Ng8 20. Nxg8 Kxg8 21. Rfe1
c6 22. Rxe8+ Nxe8 23. Re1 Bg7 24. Bc4 Nf6 25. Be5 Nd5 26. Bxg7 Kxg7 27. Bxd5
Qxd5 28. Qf4 Qa5 29. Re7 Rf8 30. Qe5+ Qxe5 31. dxe5 1-0

[Event "54th Groningen Open 2016"]
[Site "Groningen NED"]
[Date "2016.12.27"]
[Round "6.24"]
[White "De Boer, Eelke"]
[Black "Colijn, Stefan"]
[Result "0-1"]
[BlackTitle "FM"]
[WhiteElo "2027"]
[BlackElo "2330"]
[WhiteFideId "1048120"]
[BlackFideId "1016199"]
[EventDate "2016.12.21"]

1. e4 d6 2. d4 Nf6 3. Nc3 c6 4. f4 Qa5 5. Bd3 e5 6. Nf3 exd4 7. Nxd4 g6 8. f5
Bg7 9. O-O O-O 10. Be3 Nbd7 11. h3 Re8 12. Qf3 Ne5 13. Qf2 b5 14. Nb3 Qc7 15.
Bg5 Nfd7 16. f6 Bh8 17. a3 a5 18. Nd4 Bb7 19. b4 Qb6 20. Be3 Qd8 21. Bg5 axb4
22. axb4 Rxa1 23. Rxa1 Bxf6 24. Be3 Bg5 25. Ra7 Bxe3 26. Qxe3 Qb6 27. Nf5 Qxe3+
28. Nxe3 Rb8 29. Ne2 Nb6 30. Nd4 Nc8 31. Ra1 Ra8 32. Rxa8 Bxa8 33. Nb3 Kf8 34.
Kf2 Nb6 35. Kg3 Bb7 36. Kf4 Bc8 37. Nd4 Bd7 38. Be2 f6 39. h4 Na4 40. c4 Nc3 41.
cxb5 c5 42. bxc5 dxc5 43. Nec2 cxd4 44. Nxd4 Nxe2+ 45. Nxe2 Bxb5 46. Nd4 Bd7 47.
Nc2 h5 48. Nb4 Be6 49. g3 Ke7 0-1

[Event "54th Groningen Open 2016"]
[Site "Groningen NED"]
[Date "2016.12.27"]
[Round "6.25"]
[White "Wacker, Peter"]
[Black "Li, Zhaoyang"]
[Result "1-0"]
[WhiteTitle "FM"]
[WhiteElo "2306"]
[BlackElo "2002"]
[WhiteFideId "4615751"]
[BlackFideId "8608237"]
[EventDate "2016.12.21"]

1. e4 e5 2. Nf3 Nf6 3. Nxe5 d6 4. Nf3 Nxe4 5. Nc3 Nxc3 6. dxc3 Nc6 7. Bf4 Be7 8.
Qd2 Be6 9. O-O-O Qd7 10. Ng5 Bxg5 11. Bxg5 f6 12. Be3 O-O 13. b3 a5 14. a4 d5
15. h3 Rfd8 16. g4 Qd6 17. Kb1 Ne7 18. f4 c5 19. f5 Bf7 20. Qf2 Rac8 21. Bf4 Qb6
22. h4 d4 23. c4 Be8 24. g5 Bd7 25. gxf6 Bxf5 26. Qg3 Ng6 27. h5 Qc6 28. Rg1 Qe4
29. Bd3 Qxf4 30. Qxf4 Nxf4 31. Rxg7+ Kf8 32. Bxf5 Rc6 33. Rxh7 Rxf6 34. Rh8+ Ke7
35. Re1+ Re6 36. Rh7+ 1-0

[Event "54th Groningen Open 2016"]
[Site "Groningen NED"]
[Date "2016.12.27"]
[Round "6.27"]
[White "De Boer, Bas"]
[Black "Henseler, Jorgen"]
[Result "1/2-1/2"]
[WhiteElo "2093"]
[BlackElo "2060"]
[WhiteFideId "1050729"]
[BlackFideId "1023233"]
[EventDate "2016.12.21"]

1. Nf3 Nf6 2. c4 g6 3. Nc3 Bg7 4. e4 d6 5. d4 O-O 6. Be2 e5 7. Be3 Ng4 8. Bg5 f6
9. Bh4 g5 10. Bg3 Nh6 11. h3 exd4 12. Nxd4 Nc6 13. O-O Nxd4 14. Qxd4 f5 15. Qd5+
Kh8 16. exf5 Nxf5 17. Bh2 Bd7 18. Qd2 Nd4 19. Bg4 Bxg4 20. hxg4 Ne6 21. Nd5 Qd7
22. Rae1 Rf7 23. Re2 Nf4 24. Nxf4 gxf4 25. Bxf4 Qxg4 26. Re4 Raf8 27. g3 Rf5 28.
Rfe1 Rh5 29. Re8 Qf3 30. Rxf8+ Bxf8 31. Qc3+ Qxc3 32. bxc3 Kg8 33. Re8 Kf7 34.
Rc8 Rc5 35. Be3 Rxc4 36. Bxa7 d5 37. Bd4 Bg7 38. Kf1 Bxd4 39. cxd4 Rc2 40. Ke1
Ke6 41. a3 Kd6 42. Rd8+ Kc6 43. f4 Rg2 44. Rg8 Kd6 45. f5 h5 46. Kf1 Rd2 47.
Rd8+ Ke7 48. Rxd5 Kf6 49. Rd7 Kxf5 50. Rxc7 Rxd4 51. Rxb7 Rd3 52. Kg2 Rxa3 1/2-1/2

[Event "54th Groningen Open 2016"]
[Site "Groningen NED"]
[Date "2016.12.27"]
[Round "6.28"]
[White "Bekedam, Tyro"]
[Black "Vos, Tjark"]
[Result "1/2-1/2"]
[WhiteElo "2154"]
[BlackElo "2183"]
[WhiteFideId "1043374"]
[BlackFideId "1020870"]
[EventDate "2016.12.21"]

1. e4 c5 2. Nf3 d6 3. d4 cxd4 4. Nxd4 Nf6 5. Nc3 a6 6. Be3 e6 7. f3 b5 8. Qd2
Nbd7 9. O-O-O b4 10. Nce2 Qc7 11. g4 h6 12. h4 d5 13. Bg2 dxe4 14. g5 Nd5 15. g6
Ne5 16. Nf4 Nxf4 17. Bxf4 Nd3+ 18. Qxd3 Qxf4+ 19. Qd2 e3 20. Qd3 Bc5 21. Ne2 Qc7
22. gxf7+ Kxf7 23. h5 Rf8 24. f4 Ra7 25. Qg6+ Kg8 26. Be4 Be7 27. Qh7+ Kf7 28.
Qg6+ Kg8 29. Qh7+ 1/2-1/2

[Event "54th Groningen Open 2016"]
[Site "Groningen NED"]
[Date "2016.12.27"]
[Round "6.29"]
[White "Van Dael, Siem"]
[Black "Heemskerk, Wim"]
[Result "1/2-1/2"]
[BlackTitle "FM"]
[WhiteElo "2017"]
[BlackElo "2217"]
[WhiteFideId "1049771"]
[BlackFideId "1001000"]
[EventDate "2016.12.21"]

1. e4 e6 2. d4 d5 3. Nc3 Bb4 4. e5 Ne7 5. a3 Bxc3+ 6. bxc3 b6 7. Qg4 Ng6 8. h4
h5 9. Qg3 Ba6 10. Ne2 Qd7 11. Nf4 Nxf4 12. Bxf4 Kf8 13. Rh3 Bxf1 14. Kxf1 Nc6
15. Bg5 Ne7 16. Qd3 Rd8 17. Bxe7+ Kxe7 18. Rg3 Kf8 19. a4 1/2-1/2

[Event "54th Groningen Open 2016"]
[Site "Groningen NED"]
[Date "2016.12.27"]
[Round "6.30"]
[White "Dehn, Marcus"]
[Black "Boersma, Jan"]
[Result "1-0"]
[WhiteElo "2132"]
[BlackElo "2088"]
[WhiteFideId "4667093"]
[BlackFideId "1003267"]
[EventDate "2016.12.21"]

1. d4 Nf6 2. Nd2 d6 3. Ngf3 c5 4. e3 g6 5. Be2 Bg7 6. O-O O-O 7. a4 Qc7 8. Nc4
Nc6 9. c3 Be6 10. Ng5 Bd5 11. dxc5 dxc5 12. e4 Bxc4 13. Bxc4 Ne5 14. Qe2 h6 15.
Nf3 Rad8 16. Nxe5 Qxe5 17. f3 e6 18. Be3 Nh5 19. g3 Qc7 20. Rfd1 Kh7 21. Kg2 Bf6
22. Rxd8 Rxd8 23. Rd1 Rxd1 24. Qxd1 Be5 25. Qe1 Bd6 26. Qf2 Ng7 27. Bb5 a6 28.
Bc4 Nh5 29. Qe1 Qc6 30. Qd1 Nf6 31. Kf2 Nd7 32. f4 Nf6 33. e5 Ne4+ 34. Kg1 Be7
35. Qf3 Qxa4 36. Qxe4 Qa1+ 37. Bf1 Qxb2 38. Qd3 Kg7 39. c4 h5 40. Qd2 Qb3 41.
Bf2 Qa4 42. Qb2 Qd7 43. Qb6 h4 44. gxh4 Qd2 45. Qxb7 Bd8 46. Qxa6 Qxf4 47. Qd6
Qg4+ 48. Bg2 Bc7 49. h3 Qxc4 50. Qxc7 Qc1+ 51. Bf1 Qg5+ 1-0

[Event "54th Groningen Open 2016"]
[Site "Groningen NED"]
[Date "2016.12.27"]
[Round "6.31"]
[White "Theulings, Paul-Peter"]
[Black "Vandelacluze, Ian"]
[Result "0-1"]
[WhiteTitle "CM"]
[WhiteElo "2097"]
[BlackElo "2111"]
[WhiteFideId "1002899"]
[BlackFideId "222755"]
[EventDate "2016.12.21"]

1. Nf3 d5 2. d4 Nf6 3. c4 dxc4 4. Nc3 a6 5. e4 b5 6. e5 Nd5 7. a4 Bb7 8. e6 fxe6
9. Be2 Nxc3 10. bxc3 Qd5 11. Ng5 Qxg2 12. Rf1 Nd7 13. Nxe6 Rc8 14. axb5 axb5 15.
Ra7 Qe4 16. Ng5 Qg2 17. Bg4 Ra8 18. Rxa8+ Bxa8 19. Bf4 e5 20. dxe5 Nc5 21. Bf5
g6 22. Bc2 Be7 23. h4 O-O 24. Bg3 Rd8 25. Qg4 Qd5 26. Bf4 Bxg5 27. hxg5 Nd3+ 28.
Bxd3 cxd3 29. Kd2 Qa2+ 30. Ke3 d2 31. Ra1 Qd5 32. f3 Qxf3+ 33. Qxf3 Bxf3 34.
Kxf3 d1=Q+ 35. Rxd1 Rxd1 36. e6 Kf8 37. Bxc7 Ke7 38. Ke4 Kxe6 39. Bf4 Re1+ 0-1

[Event "54th Groningen Open 2016"]
[Site "Groningen NED"]
[Date "2016.12.27"]
[Round "6.32"]
[White "Elgersma, Simon"]
[Black "Willemsma, Abe"]
[Result "1/2-1/2"]
[WhiteElo "2070"]
[BlackElo "2087"]
[WhiteFideId "1046101"]
[BlackFideId "1011561"]
[EventDate "2016.12.21"]

1. Nf3 d5 2. g3 c5 3. Bg2 Nc6 4. O-O Nf6 5. d3 Bg4 6. Nbd2 e6 7. h3 Bh5 8. g4
Bg6 9. Nh4 Bd6 10. Nxg6 hxg6 11. c4 Nxg4 12. hxg4 Bh2+ 13. Kh1 Bf4+ 14. Kg1 1/2-1/2

[Event "54th Groningen Open 2016"]
[Site "Groningen NED"]
[Date "2016.12.28"]
[Round "7.1"]
[White "Bai, Jinshi"]
[Black "Tiviakov, Sergei"]
[Result "1/2-1/2"]
[WhiteTitle "GM"]
[BlackTitle "GM"]
[WhiteElo "2544"]
[BlackElo "2609"]
[WhiteFideId "8602280"]
[BlackFideId "1008013"]
[EventDate "2016.12.21"]

1. d4 Nf6 2. c4 e6 3. g3 d5 4. Bg2 Bb4+ 5. Nd2 O-O 6. Nf3 dxc4 7. O-O c3 8. bxc3
Bxc3 9. Rb1 a5 10. a3 Bxd2 11. Bxd2 b6 12. Rc1 Bb7 13. Bg5 Na6 14. Qd3 Ra7 15.
Ne5 Bxg2 16. Kxg2 Qd5+ 17. f3 c5 18. Rfd1 Nd7 19. Qb5 Nab8 20. Bf4 Nxe5 21. Bxe5
Nd7 1/2-1/2

[Event "54th Groningen Open 2016"]
[Site "Groningen NED"]
[Date "2016.12.28"]
[Round "7.2"]
[White "Chigaev, Maksim"]
[Black "Karthikeyan, P."]
[Result "1-0"]
[WhiteTitle "GM"]
[BlackTitle "IM"]
[WhiteElo "2531"]
[BlackElo "2474"]
[WhiteFideId "4108116"]
[BlackFideId "5018226"]
[EventDate "2016.12.21"]

1. e4 e5 2. Nf3 Nc6 3. Bc4 Nf6 4. Ng5 d5 5. exd5 Na5 6. Bb5+ c6 7. dxc6 bxc6 8.
Be2 h6 9. Nh3 Bd6 10. d3 O-O 11. O-O Nb7 12. Nc3 Nc5 13. Kh1 Bxh3 14. gxh3 Qc7
15. Rg1 Kh8 16. Qf1 Ne6 17. Qg2 Rg8 18. Be3 Rab8 19. Rab1 Nd4 20. Bf3 c5 21.
Rgc1 Rgd8 22. Nd5 Nxd5 23. Bxd5 Qe7 24. c3 Nf5 25. Rg1 g6 26. Qe4 Kh7 27. h4
Nxe3 28. fxe3 f5 29. Qc4 Rf8 30. Rg2 Rb6 31. Rbg1 Bc7 32. Bf3 Bd8 33. e4 f4 34.
a3 a5 35. h5 g5 36. Bg4 Kh8 37. Bf5 Qd6 38. Rd2 Qc6 39. Bg4 Bf6 40. Rgg2 Kg7 41.
Rgf2 Rd8 42. Kg1 Kf8 43. Kf1 Ke7 44. Ke1 Qb5 45. h3 Qxc4 46. dxc4 Rxd2 47. Rxd2
Rd6 48. Rc2 Rd3 49. Kf2 Kd6 50. Ke2 Re3+ 51. Kd1 Rd3+ 52. Kc1 Kc6 53. Re2 Be7
54. Kc2 Rg3 55. Kb3 Rd3 56. Ka4 Kb6 57. Kb3 Kc6 58. Kc2 Rd6 59. Re1 Bd8 60. Rb1
Bb6 61. Rh1 Bd8 62. Bf3 Bb6 63. Rg1 Bd8 64. Rh1 Be7 65. b4 Rd8 66. Rb1 Rb8 67.
b5+ Kc7 68. Rd1 Bd6 69. Rd5 Rf8 70. Kd3 Rf6 71. Ke2 Kb6 72. Bg4 Kc7 73. Bf5 Kb6
74. Kf3 Kc7 75. Rd1 Rf8 76. Rd2 Rd8 77. Rd5 Kb6 78. Be6 Kc7 79. Rd1 Be7 80. Rd5
Rxd5 81. exd5 Bd6 82. Ke4 Kd8 83. Bg4 Ke7 84. Kf5 Kf7 85. Bf3 Bc7 86. Be4 Bd6
87. b6 Bb8 88. b7 Bd6 89. a4 Bb8 90. d6 Bxd6 91. Bd5+ Ke7 92. Kg6 Bc7 93. Be4
Bb8 94. Kxh6 Kf6 95. Kh7 Kf7 96. h6 Bd6 97. Bd5+ Kf6 98. Kg8 1-0

[Event "54th Groningen Open 2016"]
[Site "Groningen NED"]
[Date "2016.12.28"]
[Round "7.3"]
[White "Ypma, Peter"]
[Black "Gleizerov, Evgeny"]
[Result "0-1"]
[BlackTitle "GM"]
[WhiteElo "2260"]
[BlackElo "2518"]
[WhiteFideId "1027255"]
[BlackFideId "4101332"]
[EventDate "2016.12.21"]

1. e4 e6 2. d4 d5 3. exd5 exd5 4. Nf3 Bd6 5. Bd3 Nf6 6. O-O O-O 7. Bg5 Bg4 8.
Re1 Nbd7 9. Nbd2 c5 10. dxc5 Nxc5 11. Nb3 Nce4 12. Bxe4 dxe4 13. Bxf6 Qxf6 14.
Rxe4 Bxf3 15. gxf3 Rad8 16. Qc1 Qxf3 17. Qe3 Qh5 18. h3 f5 19. Rd4 Rde8 20. Qd3
Be5 21. Rd7 f4 22. Nd2 Kh8 23. Nf3 Qxh3 24. Nxe5 f3 25. Nxf3 Qg4+ 26. Kf1 Rxf3
27. Qd4 Rxf2+ 28. Qxf2 Qxd7 29. Re1 Rc8 30. c3 h6 31. Re5 Rc6 32. Qf8+ Kh7 33.
Ke1 Rf6 34. Qb4 Qd3 35. Qe4+ Qxe4+ 36. Rxe4 h5 37. b4 Kg6 38. c4 Kf7 39. Rd4 Ke7
40. a4 Rf5 41. a5 g5 42. c5 Rf4 43. Rd5 Kf6 44. b5 h4 45. Rd6+ Ke5 46. Rh6 Rc4
47. b6 axb6 48. cxb6 Ra4 49. Rh7 Rxa5 50. Rxb7 Rb5 51. Kf2 Kf4 52. Rf7+ Kg4 53.
b7 Rb2+ 54. Kf1 h3 55. Kg1 Kg3 56. Rf1 Rxb7 57. Ra1 Rb3 58. Rc1 g4 59. Ra1 Rb4
60. Ra3+ Kh4 61. Ra1 g3 62. Kh1 Rf4 63. Rb1 Rf1+ 64. Rxf1 g2+ 65. Kh2 gxf1=B 66.
Kg1 Kg3 67. Kh1 Bg2+ 68. Kg1 h2# 0-1

[Event "54th Groningen Open 2016"]
[Site "Groningen NED"]
[Date "2016.12.28"]
[Round "7.4"]
[White "Deepan, Chakkravarthy J."]
[Black "Liu, Guanchu"]
[Result "1/2-1/2"]
[WhiteTitle "GM"]
[BlackTitle "IM"]
[WhiteElo "2471"]
[BlackElo "2418"]
[WhiteFideId "5011132"]
[BlackFideId "8603901"]
[EventDate "2016.12.21"]

1. e4 e5 2. Nf3 Nf6 3. Nc3 Nc6 4. Bb5 Bb4 5. O-O O-O 6. d3 Bxc3 7. bxc3 d6 8.
Re1 Bd7 9. d4 h6 10. h3 Re8 11. Bd3 Na5 12. Ba3 Rc8 13. Nh4 exd4 14. cxd4 Nxe4
15. Bxe4 Qxh4 16. Qd3 Re7 17. Re3 Rce8 18. Rae1 b5 19. Bd5 Rxe3 20. Rxe3 Rxe3
21. Qxe3 Nc4 22. Bxc4 bxc4 23. Bb4 Qh5 24. Kh2 Qf5 25. Qd2 Ba4 26. c3 a5 27. Ba3
Bc6 28. f3 g5 29. Bc1 Kg7 30. Qe3 Bd5 31. Qd2 Kf8 32. Qe3 f6 33. Qe1 h5 34. Qe3
Kf7 35. Qe1 g4 36. fxg4 hxg4 37. h4 Qd3 38. h5 Be4 39. h6 Qc2 1/2-1/2

[Event "54th Groningen Open 2016"]
[Site "Groningen NED"]
[Date "2016.12.28"]
[Round "7.5"]
[White "Van Foreest, Lucas"]
[Black "Ernst, Sipke"]
[Result "0-1"]
[BlackTitle "GM"]
[WhiteElo "2395"]
[BlackElo "2554"]
[WhiteFideId "1039792"]
[BlackFideId "1004689"]
[EventDate "2016.12.21"]

1. e4 c6 2. d4 d5 3. e5 Bf5 4. h4 Na6 5. Nh3 h5 6. Nf4 e6 7. c3 g6 8. Nd2 Be7 9.
g3 Qb6 10. a4 c5 11. a5 Qc7 12. Bb5+ Kf8 13. O-O cxd4 14. c4 dxc4 15. Nxc4 Nb4
16. Bd2 Qc5 17. Na3 a6 18. Bxb4 Qxb4 19. Bd3 Nh6 20. Nc4 Bxd3 21. Qxd3 Kg7 22.
Nb6 Rad8 23. Rfc1 Ng4 24. Rc7 Rhe8 25. Rxb7 Nxf2 26. Qf3 Ng4 27. Rf1 Qd2 28. Ng2
Nxe5 29. Qe4 Bf6 30. Nc4 Nxc4 31. Qf3 Nd6 32. Qxf6+ Kh6 33. Rc7 d3 34. Kh1 Rg8
35. Qe7 Qxa5 36. Ne3 d2 37. g4 Qe5 38. g5+ Kh7 39. Nc4 Qe4+ 0-1

[Event "54th Groningen Open 2016"]
[Site "Groningen NED"]
[Date "2016.12.28"]
[Round "7.6"]
[White "Gao, Rui"]
[Black "Anwesh, Upadhyaya"]
[Result "1/2-1/2"]
[WhiteTitle "GM"]
[BlackTitle "IM"]
[WhiteElo "2551"]
[BlackElo "2386"]
[WhiteFideId "8602387"]
[BlackFideId "5028949"]
[EventDate "2016.12.21"]

1. e4 e5 2. Nf3 Nf6 3. d4 Nxe4 4. Bd3 d5 5. Nxe5 Nd7 6. Nxd7 Bxd7 7. O-O Be7 8.
c4 c6 9. cxd5 cxd5 10. Nc3 Nf6 11. Bg5 Bc6 12. Re1 O-O 13. Qf3 Re8 14. Bxf6 Bxf6
15. Rxe8+ Qxe8 16. Qf5 Kf8 17. Qxh7 g6 18. Qh6+ Kg8 19. Qf4 Qe7 20. g3 Kg7 21.
a3 Re8 22. Bf1 a5 23. Rd1 Qd8 24. Qd2 Qb6 25. h4 Qb3 26. Bg2 b5 27. Ne2 b4 28.
axb4 Ba4 29. Nc3 axb4 30. Bxd5 bxc3 31. Bxb3 cxd2 32. Bxa4 Re1+ 33. Kg2 Rxd1 34.
Bxd1 Bxd4 35. b3 f5 36. Kf3 Bc5 37. Ke2 Kf6 38. f3 Bd6 39. Kf2 Bc5+ 40. Ke2 Bd6
41. Kf2 Bc5+ 42. Kg2 Ke5 43. Kf1 Be7 44. Kg2 Kd4 45. Kf1 Ke5 1/2-1/2